| 000 | 00376 a2200157 4500 | ||
|---|---|---|---|
| 001 | 48389 | ||
| 020 | _a9788526006485 | ||
| 040 | _cAnchieta - Bela Vista | ||
| 100 | _aColasanti, Marina | ||
| 240 | 1 | 0 |
_aO menino que achou uma estrela _lpor |
| 245 | 1 | 0 | _aO menino que achou uma estrela |
| 300 | _a16 | ||
| 362 | 0 | _a2003 | |
| 650 | 4 | _aLiteratura infanto-juvenil | |
| 942 | _cBK | ||
| 999 |
_c48389 _d48389 |
||